| 000 | 01013nmm a2200337 a 4500 | ||
|---|---|---|---|
| 003 | AR-BaBNM | ||
| 005 | 20251128203358.0 | ||
| 008 | 217119s1983 ||||||||||||||000 | spa|| | ||
| 040 | _cAR-BaBNM | ||
| 245 | 1 | 0 |
_aArqueología del Chubut _bel Valle de Piedra Parada |
| 250 | _a1ª ed. | ||
| 260 |
_aRawson _bGobierno de Chubut _c1983 |
||
| 300 | 0 |
_a155 p. _bmapas, gráfs., il. |
|
| 500 | 0 | _aSe encuentran láminas desplegables | |
| 504 | _aBibliografía para consultar p. 149-155 | ||
| 650 | 4 | _aARQUEOLOGIA | |
| 650 | 4 | _aHISTORIA PROVINCIAL ARGENTINA | |
| 650 | 4 | _aHISTORIA CHUBUTENSE | |
| 650 | 4 | _aANTROPOLOGIA | |
| 650 | 4 | _aEXCAVACIONES ARQUEOLOGICAS | |
| 650 | 4 | _aLUGARES DE INTERES ARQUEOLOGICO | |
| 650 | 4 | _aINTERPRETACION ARQUEOLOGICA | |
| 650 | 4 | _aOBJETOS ARQUEOLOGICOS | |
| 650 | 4 | _aTRABAJO ARQUEOLOGICO SOBRE EL TERRENO | |
| 650 | 4 | _aARTE PREHISTORICO | |
| 651 | 4 | _aChubut | |
| 651 | 4 | _aArgentina | |
| 700 | 1 |
_aScandroglio, Raúl _eprologuista |
|
| 942 | _cBK | ||
| 998 | _cmariana | ||
| 999 |
_c3118 _d3118 |
||